Physical and electrocardiographic evaluation of horses used for wagon traction (Registro n. 330493)
[ somente texto ]
| 000 -LÍDER | |
|---|---|
| fixed length control field | 03368nab a2200325 i 4500 |
| 003 - CÓDIGO MARC DA AGÊNCIA CATALOGADORA | |
| Campo de controle | BR-BrBNA |
| 005 - DATA E HORA DA ÚLTIMA ATUALIZAÇÃO | |
| Campo de controle | 20250318152604.0 |
| 008 - CAMPO DE TAMANHO FIXO | |
| fixed length control field | 250318b2017 bl.|r|pooa||| 00| 0 eng | |
| 040 ## - FONTE DA CATALOGAÇÃO | |
| Agência catalogadora | BR-BrBNA |
| Idioma da catalogação | eng |
| 072 ## - CATEGORIA AGRIS | |
| Código AGRIS | L70 |
| Código do objeto | 5120 |
| 100 ## - ENTRADA PRINCIPAL - NOME PESSOAL | |
| Nome pessoal | Bomfim, M.M. |
| 100 ## - ENTRADA PRINCIPAL - NOME PESSOAL | |
| Nome pessoal | Sattin, W.R. |
| 100 ## - ENTRADA PRINCIPAL - NOME PESSOAL | |
| Nome pessoal | Carvalho, S.F. |
| 100 ## - ENTRADA PRINCIPAL - NOME PESSOAL | |
| Nome pessoal | Gobesso, A.A.O. |
| 100 ## - ENTRADA PRINCIPAL - NOME PESSOAL | |
| Nome pessoal | Dória, R.S.G. |
| 100 ## - ENTRADA PRINCIPAL - NOME PESSOAL | |
| Nome pessoal | Leite-Dellova, D.C.A. |
| 245 ## - TÍTULO PRINCIPAL | |
| Título principal | Physical and electrocardiographic evaluation of horses used for wagon traction |
| 500 ## - NOTA GERAL | |
| Nota geral | <br/>Publicação online; 16 ref.; 2 tables; Summaries (En, Pt) |
| 942 ## - ADDED ENTRY ELEMENTS (KOHA) | |
| Koha item type | Analítica |
| 520 ## - NOTA DE RESUMO | |
| Nota de conteúdo | <br/><br/>ABSTRACT - The objective of this research was to evaluate the electrocardiogram (ECG) of horses used for wagon traction and to compare the results with the parameters obtained from inactive horses or horses submitted to a training routine. Fifty-six 3-15-year-old healthy horses (22 females and 34 males) were divided into three groups: control (without a work routine; N=21), wagon traction (N=25) and athlete (N=10) and submitted to physical examination and ECG (at rest). The rhythm, heart rate (HR), amplitude and duration of ECG waveforms and intervals were obtained from the frontal plane and base-apex leads. Heart score (HS) was calculated using the arithmetic mean of QRS duration in LI, LII and LIII. Measurements of ECG waves were smaller in control group, in comparison with wagon traction and athlete groups, suggesting that exercise can change ECG. Similar results were observed in the wagon traction and athlete groups, but the electrophysiological adjustments to exercise were not the same for these groups.<br/><br/><br/>Keywords: ECG, equine, cart horses, cardiovascular system, heart score |
| 520 ## - NOTA DE RESUMO | |
| Nota de conteúdo | <br/><br/>RESUMO - O objetivo deste trabalho foi avaliar o eletrocardiograma (ECG) de cavalos que tracionavam carroças (carroceiros; N=25), comparando os resultados com os parâmetros de cavalos que não realizavam essa atividade (controles; N=21), ou que apresentavam uma rotina de treinamento (atletas; N=10). O ECG foi precedido pelo exame físico do animal e, a partir das derivações no plano frontal e na base-ápice, determinou-se o ritmo, a frequência cardíaca, a amplitude e a duração das ondas e dos intervalos, em repouso. O escore cardíaco foi calculado pela média aritmética da duração do complexo QRS em DI, DII e DIII. O grupo controle apresentou menores valores de amplitude e duração das ondas do ECG, em comparação aos grupos carroceiro e atleta, sugerindo que o exercício pode alterar o ECG. Resultados semelhantes foram observados nos grupos carroceiro e atleta; contudo, os ajustes eletrofisiológicos ao exercício não foram os mesmos para esses dois grupos.<br/><br/><br/>Palavras-chave: ECG, equinos, tração de carroças, sistema cardiovascular, escore cardíaco |
| 650 ## - ASSUNTO - THESAGRO | |
| Cabeçalho tópico ou nome geográfico | CAVALO |
| 650 ## - ASSUNTO - THESAGRO | |
| Cabeçalho tópico ou nome geográfico | ELETROCARDIOGRAMA |
| 650 ## - ASSUNTO - THESAGRO | |
| Cabeçalho tópico ou nome geográfico | COMPORTAMENTO ANIMAL |
| 650 ## - ASSUNTO - THESAGRO | |
| Cabeçalho tópico ou nome geográfico | APARELHO CIRCULATÓRIO |
| 650 ## - ASSUNTO - THESAGRO | |
| Cabeçalho tópico ou nome geográfico | VETERINÁRIA |
| 773 0# - ENTRADA ANALÍTICA | |
| Host Biblionumber | 1643 |
| Registro do item | 349155 |
| Imprenta | Belo Horizonte-MG Universidade Federal de Minas Gerais - Escola de Veterinaria 1983 |
| Outro identificador | 2025-1673 |
| Título | Arquivo Brasileiro de Medicina Veterinária e Zootecnia (Brazil) |
| ISSN | 0102-0935 |
| Colação | v. 69(2) p. 371-376; (2017) |
| Número de controle de registro | BR2025000135 |
| 856 ## - ACESSO E ENDEREÇO ELETRÔNICO | |
| Identificador uniforme de recurso - URI | https://www.scielo.br/j/abmvz/a/gHtM6TgDZ9pWRXx8dTpN4wC/?format=pdf&lang=en |
Nenhum exemplar disponível.

BINAGRI